[Event "Portoroz Nat Festival 30th"]
[Site "Portoroz"]
[Date "2020.09.05"]
[Round "3"]
[White "Skuhala, Barbara"]
[Black "Velickovic, Zoran"]
[Result "1/2-1/2"]
[WhiteElo "2089"]
[BlackElo "2378"]
[PlyCount "125"]
[EventDate "2020.09.03"]
[EventType "swiss"]
[EventRounds "9"]
[EventCountry "SLO"]
[SourceTitle "CBM 198 Extra"]
[Source "ChessBase"]
[SourceDate "2020.11.30"]
[SourceVersion "1"]
[SourceVersionDate "2020.11.30"]
[SourceQuality "1"]

1. e4 c5 2. Nf3 g6 3. d4 cxd4 4. Nxd4 Bg7 5. Nc3 Nc6 6. Be3 Nf6 7. Bc4 0-0 8. f3 Qb6 9. Bb3 Nxe4 10. Nd5 Qa5+ 11. c3 Nc5 12. Nxc6 dxc6 13. Nxe7+ Kh8 14. Nxc8 Rfxc8 15. 0-0 Re8 16. Bf2 Rad8 17. Qc2 Qb5 18. Rad1 Rxd1 19. Rxd1 Kg8 20. Bxc5 Qxc5+ 21. Qf2 Qe5 22. Rd7 Re7 23. Rxe7 Qxe7 24. Kf1 a6 25. Qe2 Qd7 26. g3 Bf6 27. Kg2 h5 28. h4 b5 29. a4 a5 30. Qd1 Qe8 31. Qd3 Kg7 32. Kf2 Be5 33. f4 Bf6 34. f5 g5 35. hxg5 Bxg5 36. Bc2 Qe5 37. Qd4 Qxd4+ 38. cxd4 Kf6 39. Be4 bxa4 40. Bxc6 Bc1 41. Bxa4 Bxb2 42. Ke3 Kxf5 43. Bd7+ Kg5 44. d5 f5 45. Kf3 Be5 46. Ba4 h4 47. gxh4+ Kxh4 48. Bd1 Kg5 49. Ke3 Kf6 50. Kd3 Bc7 51. Kc4 Ke5 52. Kc5 Kf4 53. d6 Bd8 54. Kd4 Bb6+ 55. Kd3 Ke5 56. d7 Ke6 57. Ba4 Ke5 58. Ke2 Kd4 59. Bc2 f4 60. Kf3 Bc7 61. d8Q+ Bxd8 62. Kxf4 a4 63. Bxa4 1/2-1/2

[Event "Bezirksliga Oberbayern 1819"]
[Site "Bayern"]
[Date "2018.12.16"]
[Round "4.2"]
[White "Velickovic, Zoran"]
[Black "Deues, Erik"]
[Result "1-0"]
[WhiteElo "2331"]
[BlackElo "1956"]
[PlyCount "83"]
[EventDate "2018.10.21"]
[EventType "team-tourn"]
[EventRounds "9"]
[EventCountry "GER"]
[SourceTitle "EXT 2022"]
[Source "ChessBase"]
[SourceDate "2021.10.06"]
[SourceVersion "1"]
[SourceVersionDate "2021.10.06"]
[SourceQuality "1"]
[WhiteTeam "Freilassing"]
[BlackTeam "Germering"]
[WhiteTeamCountry "GER"]
[BlackTeamCountry "GER"]

1. Nf3 d5 2. g3 c6 3. c4 Nf6 4. Bg2 g6 5. b3 Bg7 6. Bb2 0-0 7. 0-0 Bf5 8. d3 Nbd7 9. Nbd2 Re8 10. Nh4 e5 11. Nxf5 gxf5 12. e3 e4 13. cxd5 cxd5 14. Bh3 Nc5 15. Bxf6 Qxf6 16. d4 Nd3 17. Qh5 Qg6 18. Qxf5 Rad8 19. Rad1 b5 20. Nf3 Nxf2 21. Rxf2 exf3 22. Rxf3 Bh6 23. Kf2 Re7 24. Rd2 Bg5 25. Re2 Bh6 26. Bf1 a6 27. h4 Qxf5 28. Rxf5 Rde8 29. Rf3 Bg7 30. g4 Re4 31. Rg3 R4e7 32. Rc2 Rd8 33. Rc5 h6 34. Bg2 Red7 35. Rf3 Bf8 36. Rc6 Be7 37. Rxh6 a5 38. Rf5 Kg7 39. g5 a4 40. Rb6 axb3 41. axb3 b4 42. h5 1-0

[Event "Bezirksliga Oberbayern 1819"]
[Site "Bayern"]
[Date "2018.11.25"]
[Round "3.2"]
[White "Neumueller, Theo"]
[Black "Velickovic, Zoran"]
[Result "0-1"]
[WhiteElo "1923"]
[BlackElo "2331"]
[PlyCount "75"]
[EventDate "2018.10.21"]
[EventType "team-tourn"]
[EventRounds "9"]
[EventCountry "GER"]
[SourceTitle "EXT 2022"]
[Source "ChessBase"]
[SourceDate "2021.10.06"]
[SourceVersion "1"]
[SourceVersionDate "2021.10.06"]
[SourceQuality "1"]
[WhiteTeam "Germering II"]
[BlackTeam "Freilassing"]
[WhiteTeamCountry "GER"]
[BlackTeamCountry "GER"]

1. e4 c5 2. Nf3 g6 3. d4 cxd4 4. Nxd4 Bg7 5. Nc3 Nc6 6. Be3 Nf6 7. Bc4 0-0 8. Bb3 d6 9. f3 Bd7 10. Qd2 Rc8 11. 0-0-0 Ne5 12. Kb1 Nc4 13. Bxc4 Rxc4 14. g4 Qc7 15. g5 Nh5 16. Nd5 Qd8 17. Qd3 b5 18. Ne2 Be6 19. Qa3 Bxd5 20. Rxd5 Qc8 21. Rc1 a6 22. Bd4 Qh3 23. Bxg7 Nxg7 24. Qxa6 Qxf3 25. Nc3 Rxc3 26. bxc3 Qxe4 27. Rxb5 Ne6 28. Qa5 Rc8 29. Rd1 Kg7 30. Kb2 Qe2 31. Rd3 Nc5 32. Rd4 Qxh2 33. Qb4 Qe2 34. Rb8 Na4+ 35. Kc1 Qe1+ 36. Rd1 Qe3+ 37. Rd2 Nxc3 38. Kb2 0-1

[Event "AUT-chT2W 1516"]
[Site "Austria"]
[Date "2015.10.16"]
[Round "1.5"]
[White "Stoeckl, Norbert"]
[Black "Velickovic, Zoran"]
[Result "1-0"]
[WhiteElo "2094"]
[BlackElo "2398"]
[PlyCount "79"]
[EventDate "2015.10.16"]
[EventType "team-tourn"]
[EventRounds "11"]
[EventCountry "AUT"]
[SourceTitle "CBM 168 Extra"]
[Source "ChessBase"]
[SourceDate "2015.10.29"]
[SourceVersion "1"]
[SourceVersionDate "2015.10.29"]
[SourceQuality "1"]
[WhiteTeam "Schwarzach"]
[BlackTeam "Bernhard II"]
[WhiteTeamCountry "AUT"]
[BlackTeamCountry "AUT"]

1. e4 c5 2. Nf3 g6 3. Nc3 Bg7 4. Bc4 Nc6 5. 0-0 e6 6. d3 Nge7 7. Bg5 h6 8. Bf4 d6 9. Qc1 a6 10. a3 g5 11. Bd2 d5 12. Ba2 b5 13. Ne2 g4 14. Ne1 h5 15. Nf4 dxe4 16. dxe4 Qd6 17. Be3 c4 18. Rb1 Bb7 19. f3 0-0-0 20. b3 Bd4 21. Kh1 Ne5 22. bxc4 bxc4 23. c3 Bc5 24. Bxc5 Qxc5 25. Qb2 Qc7 26. Rf2 Rd7 27. Nc2 gxf3 28. gxf3 Nxf3 29. Qxb7+ Qxb7 30. Rxb7 Rxb7 31. Rxf3 Rb2 32. Nb4 a5 33. Bxc4 axb4 34. axb4 Nc6 35. Ba6+ Kd8 36. Nd3 Rb1+ 37. Kg2 Ke7 38. b5 Rg8+ 39. Kh3 Nb8 40. Ne5 1-0

[Event "AUT-chT2W 1415"]
[Site "Austria"]
[Date "2014.11.30"]
[Round "5.3"]
[White "Novkovic, Julia"]
[Black "Velickovic, Zoran"]
[Result "0-1"]
[WhiteElo "2120"]
[BlackElo "2395"]
[PlyCount "51"]
[EventDate "2014.10.10"]
[EventType "team-tourn"]
[EventRounds "11"]
[EventCountry "AUT"]
[SourceTitle "CBM 163 Extra"]
[Source "ChessBase"]
[SourceDate "2014.12.23"]
[SourceVersion "1"]
[SourceVersionDate "2014.12.23"]
[SourceQuality "1"]
[WhiteTeam "Dornbirn"]
[BlackTeam "Bernhard II"]
[WhiteTeamCountry "AUT"]
[BlackTeamCountry "AUT"]

1. e4 c5 2. Nc3 g6 3. g3 Bg7 4. Bg2 Nc6 5. d3 d6 6. Be3 Rb8 7. Qd2 e5 8. f4 Nf6 9. h3 Nh5 10. Qf2 Qb6 11. Nd1 exf4 12. gxf4 f5 13. Ne2 Nd4 14. Nxd4 cxd4 15. Bd2 fxe4 16. dxe4 0-0 17. 0-0 Bd7 18. a4 Rbe8 19. b4 Bc6 20. a5 Qd8 21. Qf3 Bxe4 22. Qb3+ Kh8 23. Bxe4 Rxe4 24. Nf2 Re2 25. Rad1 Qh4 26. Qf3 0-1

[Event "AUT-chT2W 1415"]
[Site "Austria"]
[Date "2014.10.11"]
[Round "2.5"]
[White "Mikulic, Oliver"]
[Black "Velickovic, Zoran"]
[Result "0-1"]
[WhiteElo "2144"]
[BlackElo "2395"]
[PlyCount "31"]
[EventDate "2014.10.10"]
[EventType "team-tourn"]
[EventRounds "11"]
[EventCountry "AUT"]
[SourceTitle "EXT 2015"]
[Source "ChessBase"]
[SourceDate "2014.11.20"]
[SourceVersion "1"]
[SourceVersionDate "2014.11.20"]
[SourceQuality "1"]
[WhiteTeam "Schwarzach"]
[BlackTeam "Bernhard II"]
[WhiteTeamCountry "AUT"]
[BlackTeamCountry "AUT"]

1. e4 c5 2. Nf3 g6 3. c3 d5 4. exd5 Qxd5 5. d4 Bg7 6. Be3 cxd4 7. Bxd4 Nf6 8. Nbd2 Nc6 9. Bc4 Qh5 10. Ne4 Nxd4 11. Qxd4 0-0 12. Neg5 Ne8 13. Qf4 Nd6 14. h3 h6 15. g4 hxg5 16. Qh2 0-1

[Event "SLO-chT 18th"]
[Site "Murska Sobota"]
[Date "2008.12.14"]
[Round "9"]
[White "Gruskovnjak, Tomislav"]
[Black "Velickovic, Zoran"]
[Result "1/2-1/2"]
[WhiteElo "2370"]
[BlackElo "2400"]
[PlyCount "22"]
[EventDate "2008.12.06"]
[EventType "team-tourn"]
[EventRounds "9"]
[EventCountry "SLO"]
[SourceTitle "CBM 127 Extra"]
[Source "ChessBase"]
[SourceDate "2009.01.08"]
[SourceVersion "2"]
[SourceVersionDate "2009.01.28"]
[SourceQuality "1"]
[WhiteTeam "Radenska Pomgrad"]
[BlackTeam "Maribor Branik"]
[WhiteTeamCountry "SLO"]
[BlackTeamCountry "SLO"]

1. e4 c5 2. Nc3 g6 3. g3 Bg7 4. Bg2 Nc6 5. d3 Rb8 6. Be3 d6 7. Qd2 b5 8. Nge2 Nd4 9. 0-0 b4 10. Nd1 e5 11. Nc1 Ne7 1/2-1/2

[Event "SLO-chT 17th"]
[Site "Murska Sobota"]
[Date "2007.12.10"]
[Round "2"]
[White "Velickovic, Zoran"]
[Black "Srebrnic, Marko"]
[Result "1-0"]
[WhiteElo "2400"]
[BlackElo "2321"]
[PlyCount "63"]
[EventDate "2007.12.09"]
[EventType "team-tourn"]
[EventRounds "9"]
[EventCountry "SLO"]
[SourceTitle "CBM 121 Extra"]
[Source "ChessBase"]
[SourceDate "2008.01.10"]
[SourceVersion "1"]
[SourceVersionDate "2008.01.10"]
[SourceQuality "1"]
[WhiteTeam "Maribor Branik"]
[BlackTeam "Nova Gorica"]
[WhiteTeamCountry "SVK"]
[BlackTeamCountry "SLO"]

1. Nf3 d5 2. g3 Bg4 3. Bg2 Nd7 4. d4 e6 5. 0-0 Ngf6 6. c4 c6 7. b3 Bd6 8. Bb2 0-0 9. Nbd2 a5 10. Ne5 Qc7 11. Nxg4 Nxg4 12. e4 Nh6 13. cxd5 cxd5 14. exd5 exd5 15. Bxd5 Nb6 16. Rc1 Qd7 17. Bg2 Rad8 18. Qf3 Bb4 19. Nc4 Nxc4 20. bxc4 b6 21. Rfd1 Rfe8 22. c5 bxc5 23. a3 a4 24. axb4 cxb4 25. d5 Rb8 26. Qf4 a3 27. Be5 Rb6 28. Rc7 Qa4 29. Ra1 f6 30. Bd4 Ra6 31. d6 b3 32. Rxg7+ 1-0

[Event "SLO-chT"]
[Site "Murska Sobota"]
[Date "2006.11.28"]
[Round "4"]
[White "Basagic, Zlatko"]
[Black "Velickovic, Zoran"]
[Result "0-1"]
[WhiteElo "2348"]
[BlackElo "2407"]
[PlyCount "86"]
[EventDate "2006.11.25"]
[EventType "team"]
[EventRounds "9"]
[EventCountry "SLO"]
[SourceTitle "EXT 2008"]
[Source "ChessBase"]
[SourceDate "2007.11.25"]
[SourceVersion "1"]
[SourceVersionDate "2007.11.25"]
[SourceQuality "1"]

1. d4 Nf6 2. Nc3 d5 3. Bg5 g6 4. Bxf6 exf6 5. e3 c6 6. Bd3 f5 7. h4 h5 8. Nce2 Nd7 9. c4 Nf6 10. Nf3 Bd6 11. g3 Be6 12. c5 Bc7 13. b4 a6 14. Ng5 Bd7 15. f3 Qe7 16. Kf2 Kf8 17. a4 Kg7 18. Nh3 b6 19. cxb6 Bxb6 20. Qd2 Bc7 21. Rhb1 Ne4+ 22. fxe4 fxe4 23. Nef4 exd3 24. Rh1 Bxh3 25. Rxh3 Bxf4 26. gxf4 Rab8 27. Rb1 Qe4 28. Rg3 a5 29. Rg5 Rxb4 30. Rxb4 axb4 31. Qxb4 Qh1 32. Qe7 Qh2+ 33. Rg2 Qxg2+ 34. Kxg2 d2 35. f5 d1Q 36. f6+ Kh6 37. Qxf7 Qe2+ 38. Kg1 Qxe3+ 39. Kf1 Qf4+ 40. Ke2 Qe4+ 41. Kf1 Qb1+ 42. Ke2 Qb2+ 43. Kd3 Qa3+ 0-1

[Event "SLO-chT"]
[Site "Murska Sobota"]
[Date "2006.11.26"]
[Round "2"]
[White "Podlesnik, Bogdan"]
[Black "Velickovic, Zoran"]
[Result "1/2-1/2"]
[WhiteElo "2414"]
[BlackElo "2407"]
[PlyCount "74"]
[EventDate "2006.11.25"]
[EventType "team"]
[EventRounds "9"]
[EventCountry "SLO"]
[SourceTitle "EXT 2008"]
[Source "ChessBase"]
[SourceDate "2007.11.25"]
[SourceVersion "1"]
[SourceVersionDate "2007.11.25"]
[SourceQuality "1"]

1. e4 c5 2. Nf3 g6 3. d4 cxd4 4. Nxd4 Bg7 5. Nc3 Nc6 6. Be3 Nf6 7. Be2 0-0 8. f4 d6 9. 0-0 Qb6 10. Qd3 Ng4 11. Bxg4 Bxd4 12. Bxd4 Qxd4+ 13. Qxd4 Nxd4 14. Bd1 Be6 15. Rf2 Rfc8 16. a4 Rc4 17. Nb1 Nc6 18. Nd2 Rb4 19. b3 Rd4 20. Kf1 Rc8 21. Ke2 Na5 22. Ke3 Rb4 23. c4 f5 24. exf5 gxf5 25. Kd4 Kf7 26. Kc3 Rb6 27. Bh5+ Kf6 28. Re1 Bg8 29. g4 Nxb3 30. g5+ Kg7 31. Rxe7+ Kh8 32. Rfe2 Nxd2 33. Re8 Rxe8 34. Rxe8 Kg7 35. Re7+ Kf8 36. Re8+ Kg7 37. Re7+ Kf8 1/2-1/2

[Event "SLO-chT 15th"]
[Site "Bled"]
[Date "2005.11.30"]
[Round "6"]
[White "Tratar, Marko"]
[Black "Velickovic, Zoran"]
[Result "1-0"]
[WhiteElo "2440"]
[BlackElo "2424"]
[PlyCount "71"]
[EventDate "2005.11.26"]
[EventType "team-tourn"]
[EventRounds "9"]
[EventCountry "SLO"]
[SourceTitle "CBM 109 Extra"]
[Source "ChessBase"]
[SourceDate "2006.01.03"]
[SourceVersion "2"]
[SourceVersionDate "2006.01.03"]
[SourceQuality "1"]
[WhiteTeam "Ptuj Veplas Velenje"]
[BlackTeam "Maribor Branik"]
[WhiteTeamCountry "SLO"]
[BlackTeamCountry "SLO"]

1. Nf3 Nf6 2. c4 g6 3. Nc3 Bg7 4. e4 d6 5. d4 Bg4 6. Be3 Nbd7 7. Be2 0-0 8. 0-0 e5 9. d5 Ne8 10. Nd2 Bxe2 11. Qxe2 f5 12. f3 f4 13. Bf2 h5 14. b4 g5 15. c5 Rf6 16. c6 bxc6 17. dxc6 Nf8 18. Nd5 Rg6 19. g4 fxg3 20. hxg3 Ne6 21. Qc4 Kh7 22. Kg2 g4 23. Rh1 Qg5 24. Rxh5+ Qxh5 25. Rh1 Nf4+ 26. Nxf4 gxf3+ 27. Nxf3 Qxh1+ 28. Kxh1 exf4 29. gxf4 Nf6 30. Ng5+ Kh8 31. Qf7 Rh6+ 32. Kg2 Rf8 33. Qxc7 Rg6 34. Be3 Nxe4 35. Qe7 Nf6 36. Qxf8+ 1-0

[Event "SLO-chT 15th"]
[Site "Bled"]
[Date "2005.11.27"]
[Round "3"]
[White "Velickovic, Zoran"]
[Black "Jeric, Simon"]
[Result "0-1"]
[WhiteElo "2424"]
[BlackElo "2327"]
[PlyCount "62"]
[EventDate "2005.11.26"]
[EventType "team-tourn"]
[EventRounds "9"]
[EventCountry "SLO"]
[SourceTitle "CBM 109 Extra"]
[Source "ChessBase"]
[SourceDate "2006.01.03"]
[SourceVersion "2"]
[SourceVersionDate "2006.01.03"]
[SourceQuality "1"]
[WhiteTeam "Maribor Branik"]
[BlackTeam "Vrhnika Sinfonika"]
[WhiteTeamCountry "SLO"]
[BlackTeamCountry "SVK"]

1. c4 e5 2. g3 c6 3. d4 e4 4. Nc3 f5 5. Qb3 Nf6 6. Bg5 h6 7. Bxf6 Qxf6 8. e3 d6 9. Nge2 Qf7 10. h4 Nd7 11. Nf4 Be7 12. g4 fxg4 13. Nxe4 Nf6 14. Bd3 Kd8 15. d5 Nxe4 16. Bxe4 c5 17. 0-0-0 Rb8 18. f3 gxf3 19. Bxf3 g5 20. Bh5 Qf5 21. Ng6 Re8 22. e4 Qxe4 23. Rde1 Qd4 24. Rhf1 Bf6 25. Rxe8+ Kxe8 26. Qb5+ Kd8 27. Nf8 Qe3+ 28. Kc2 Qe4+ 29. Kc1 Bd4 30. Bg6 Be3+ 31. Kd1 Bg4+ 0-1

[Event "SLO-chT 15th"]
[Site "Bled"]
[Date "2005.11.26"]
[Round "1"]
[White "Jelen, Igor"]
[Black "Velickovic, Zoran"]
[Result "0-1"]
[WhiteElo "2359"]
[BlackElo "2424"]
[PlyCount "82"]
[EventDate "2005.11.26"]
[EventType "team-tourn"]
[EventRounds "9"]
[EventCountry "SLO"]
[SourceTitle "CBM 109 Extra"]
[Source "ChessBase"]
[SourceDate "2006.01.03"]
[SourceVersion "2"]
[SourceVersionDate "2006.01.03"]
[SourceQuality "1"]
[WhiteTeam "Ljubljana Vidmar"]
[BlackTeam "Maribor Branik"]
[WhiteTeamCountry "SLO"]
[BlackTeamCountry "SLO"]

1. d4 Nf6 2. c4 d6 3. Nc3 g6 4. e4 Bg7 5. Nf3 Bg4 6. Be2 0-0 7. Be3 Nbd7 8. Ng1 Bxe2 9. Ngxe2 e5 10. f3 exd4 11. Nxd4 Ne5 12. b3 c6 13. 0-0 Re8 14. Qd2 d5 15. exd5 cxd5 16. c5 Rc8 17. Ndb5 Nc6 18. Rad1 Qa5 19. Bf2 Nh5 20. Nd6 Qxc3 21. Qxd5 Qf6 22. Nxc8 Rxc8 23. Qd7 Rb8 24. Rfe1 h6 25. Qc7 Qc3 26. Re4 Qc2 27. Rde1 Nf6 28. R4e2 Qf5 29. a3 Nd5 30. Qd6 Kh7 31. b4 Rd8 32. Qg3 Nf4 33. Re4 Nd3 34. Rd1 Nxf2 35. Rxd8 Nxe4 36. fxe4 Qxe4 37. Rd1 Nd4 38. Qd3 Qg4 39. Re1 Nf5 40. Qd5 Bd4+ 41. Kh1 Kg7 0-1

[Event "HUN-chT2 Charousek 0405"]
[Site "Hungary"]
[Date "2005.01.23"]
[Round "6"]
[White "Velickovic, Zoran"]
[Black "Parkanyi, Attila"]
[Result "1/2-1/2"]
[WhiteElo "2424"]
[BlackElo "2388"]
[PlyCount "27"]
[EventDate "2004.09.26"]
[EventType "team"]
[EventRounds "11"]
[EventCountry "HUN"]
[SourceTitle "EXT 2008"]
[Source "ChessBase"]
[SourceDate "2007.11.25"]
[SourceVersion "1"]
[SourceVersionDate "2007.11.25"]
[SourceQuality "1"]
[WhiteTeam "Lenti"]
[BlackTeam "Tapolca"]
[WhiteTeamCountry "HUN"]
[BlackTeamCountry "HUN"]

1. Nf3 Nf6 2. g3 b5 3. Bg2 Bb7 4. Na3 a6 5. c4 b4 6. Nc2 e6 7. 0-0 c5 8. d4 cxd4 9. Ncxd4 Be7 10. a3 bxa3 11. b3 0-0 12. Bxa3 Bxa3 13. Rxa3 Qb6 14. b4 1/2-1/2

[Event "SLO-chT 14th"]
[Site "Celje"]
[Date "2004.12.03"]
[Round "6"]
[White "Sebenik, Matej"]
[Black "Velickovic, Zoran"]
[Result "1/2-1/2"]
[WhiteElo "2413"]
[BlackElo "2425"]
[PlyCount "57"]
[EventDate "2004.11.29"]
[EventType "team-tourn"]
[EventRounds "9"]
[EventCountry "SLO"]
[SourceTitle "CBM 103 Extra"]
[Source "ChessBase"]
[SourceDate "2005.01.01"]
[SourceVersion "1"]
[SourceVersionDate "2005.01.01"]
[SourceQuality "1"]
[WhiteTeam "Vrhnika Sinfonika"]
[BlackTeam "Maribor Branik"]
[WhiteTeamCountry "SLO"]
[BlackTeamCountry "SLO"]

1. Nf3 c5 2. c4 g6 3. e4 Bg7 4. d4 cxd4 5. Nxd4 Nc6 6. Be3 Nf6 7. Nc3 d6 8. Be2 0-0 9. 0-0 Nxd4 10. Bxd4 Bd7 11. Qd2 Bc6 12. f3 a5 13. b3 Nd7 14. Be3 Nc5 15. Rab1 Qb6 16. Rfc1 Qb4 17. Rc2 Rfc8 18. Qc1 Qb6 19. a3 Qd8 20. b4 axb4 21. axb4 Na4 22. Nd5 b5 23. c5 dxc5 24. bxc5 Bxd5 25. exd5 Qxd5 26. Bxb5 Bd4 27. Rc4 Bxe3+ 28. Qxe3 Ra5 29. Rxa4 1/2-1/2

[Event "SLO-chT 14th"]
[Site "Celje"]
[Date "2004.12.01"]
[Round "4"]
[White "Zaja, Ivan"]
[Black "Velickovic, Zoran"]
[Result "1/2-1/2"]
[WhiteElo "2459"]
[BlackElo "2425"]
[PlyCount "108"]
[EventDate "2004.11.29"]
[EventType "team-tourn"]
[EventRounds "9"]
[EventCountry "SLO"]
[SourceTitle "CBM 103 Extra"]
[Source "ChessBase"]
[SourceDate "2005.01.01"]
[SourceVersion "1"]
[SourceVersionDate "2005.01.01"]
[SourceQuality "1"]
[WhiteTeam "Grize"]
[BlackTeam "Maribor Branik"]
[WhiteTeamCountry "SLO"]
[BlackTeamCountry "SLO"]

1. d4 Nf6 2. c4 c5 3. d5 b5 4. cxb5 a6 5. b6 Qxb6 6. Nc3 g6 7. e4 d6 8. Nf3 Bg4 9. Qa4+ Bd7 10. Qc2 Bg7 11. a4 0-0 12. Be2 Bg4 13. Nd2 Bxe2 14. Nxe2 Nbd7 15. Nc4 Qc7 16. 0-0 Nb6 17. Ne3 Rfe8 18. Nc3 e6 19. a5 Nbd7 20. Ra4 exd5 21. Ncxd5 Nxd5 22. Nxd5 Qb7 23. Bf4 Ne5 24. Nb6 Rad8 25. Bg5 Rb8 26. Bf4 Rbd8 27. Bg5 Rb8 28. Qd1 h6 29. Bf4 Rbd8 30. Qd2 g5 31. Bg3 Qc6 32. b3 Nd7 33. Qd5 Qxd5 34. Nxd5 Nf6 35. Nxf6+ Bxf6 36. f3 d5 37. Bf2 dxe4 38. Rxe4 Rxe4 39. fxe4 Bd4 40. Rc1 Rb8 41. Bxd4 cxd4 42. Rc6 Rxb3 43. Rxh6 Re3 44. Rxa6 Rxe4 45. Rd6 Re5 46. a6 Ra5 47. Kf2 Ra3 48. g3 Kg7 49. g4 Kf8 50. Rb6 Kg7 51. Ke2 Kh7 52. Kd2 d3 53. h3 Kg7 54. Ke3 d2+ 1/2-1/2

[Event "SLO-chT 14th"]
[Site "Celje"]
[Date "2004.11.30"]
[Round "3"]
[White "Hulak, Krunoslav"]
[Black "Velickovic, Zoran"]
[Result "1-0"]
[WhiteElo "2546"]
[BlackElo "2425"]
[PlyCount "115"]
[EventDate "2004.11.29"]
[EventType "team-tourn"]
[EventRounds "9"]
[EventCountry "SLO"]
[SourceTitle "CBM 103 Extra"]
[Source "ChessBase"]
[SourceDate "2005.01.01"]
[SourceVersion "1"]
[SourceVersionDate "2005.01.01"]
[SourceQuality "1"]
[WhiteTeam "Radenska Pomgrad"]
[BlackTeam "Maribor Branik"]
[WhiteTeamCountry "SLO"]
[BlackTeamCountry "SLO"]

1. d4 Nf6 2. c4 c5 3. d5 b5 4. cxb5 a6 5. bxa6 Bxa6 6. Nc3 g6 7. g3 d6 8. Bg2 Bg7 9. Nf3 Nbd7 10. Rb1 Qa5 11. 0-0 0-0 12. Bd2 Rfb8 13. b3 Qa3 14. Ne1 Ne8 15. Nc2 Qa5 16. Na4 Qd8 17. Bc3 Ndf6 18. Ba1 Nc7 19. Nc3 Nb5 20. a4 Nxc3 21. Bxc3 Qd7 22. Na3 Ra7 23. Qc2 Rab7 24. Rfd1 Qd8 25. h3 Nd7 26. e4 Bxc3 27. Qxc3 Qb6 28. Nc2 Ne5 29. a5 Qa7 30. Na1 c4 31. Bf1 cxb3 32. Rxb3 Rxb3 33. Nxb3 Rc8 34. Qb2 Bxf1 35. Kxf1 Rb8 36. Qc2 Qa6+ 37. Kg2 Rc8 38. Qd2 Nc4 39. Qd3 Qb7 40. Rc1 Ne5 41. a6 Qa8 42. Qb5 Rb8 43. Qa4 Qa7 44. Rc2 Nd3 45. Rd2 Nb4 46. Nd4 Qxa6 47. Qd7 Qa5 48. Nf3 Qd8 49. Qg4 Na6 50. Nd4 h5 51. Qf4 Qd7 52. Nc6 Re8 53. Ra2 Ra8 54. Qg5 Kf8 55. Ra3 Nc7 56. Rf3 e6 57. Qxg6 exd5 58. Qf5 1-0

[Event "HUN-chT2 Charousek 0405"]
[Site "Hungary"]
[Date "2004.09.26"]
[Round "1"]
[White "Velickovic, Zoran"]
[Black "Seres, Lajos"]
[Result "1/2-1/2"]
[WhiteElo "2424"]
[BlackElo "2448"]
[PlyCount "49"]
[EventDate "2004.09.26"]
[EventType "team"]
[EventRounds "11"]
[EventCountry "HUN"]
[SourceTitle "EXT 2008"]
[Source "ChessBase"]
[SourceDate "2007.11.25"]
[SourceVersion "1"]
[SourceVersionDate "2007.11.25"]
[SourceQuality "1"]
[WhiteTeam "Lenti"]
[BlackTeam "Taban Spartacus"]
[WhiteTeamCountry "HUN"]
[BlackTeamCountry "HUN"]

1. Nf3 d5 2. c4 c6 3. g3 g6 4. Bg2 Bg7 5. d4 Nf6 6. b3 0-0 7. 0-0 Bf5 8. Nc3 Ne4 9. Bb2 Nxc3 10. Bxc3 Be4 11. e3 c5 12. Rc1 cxd4 13. Bxd4 Bxd4 14. Qxd4 Nc6 15. Qa1 Qa5 16. Ne5 Bxg2 17. Nxc6 bxc6 18. Kxg2 Rfd8 19. cxd5 Rxd5 20. Rfd1 Rad8 21. Rxd5 Qxd5+ 22. Kg1 Qf3 23. Qe5 Rd2 24. Qb8+ Kg7 25. Qe5+ 1/2-1/2

[Event "SLO-ch"]
[Site "Maribor"]
[Date "2004.07.02"]
[Round "7"]
[White "Lenic, Luka"]
[Black "Velickovic, Zoran"]
[Result "0-1"]
[WhiteElo "2374"]
[BlackElo "2421"]
[PlyCount "90"]
[EventDate "2004.06.28"]
[EventType "tourn"]
[EventRounds "9"]
[EventCountry "SLO"]
[EventCategory "6"]
[SourceTitle "CBM 101 Extra"]
[Source "ChessBase"]
[SourceDate "2004.09.01"]
[SourceVersion "2"]
[SourceVersionDate "2004.09.01"]
[SourceQuality "1"]

1. d4 Nf6 2. Nf3 g6 3. e3 c5 4. Be2 Bg7 5. 0-0 d5 6. dxc5 Qc7 7. a3 Qxc5 8. b4 Qc7 9. Bb2 0-0 10. Nc3 Nc6 11. Nxd5 Nxd5 12. Bxg7 Nxe3 13. Qc1 Nxf1 14. Qh6 Bg4 15. Be5 Nxe5 16. Ng5 Nf3+ 17. gxf3 Qxh2+ 18. Qxh2 Nxh2 19. fxg4 h6 20. Nh3 Nxg4 21. Bxg4 e5 22. Bf3 Rac8 23. Re1 Rfe8 24. Bxb7 Rxc2 25. Kg2 Kg7 26. Ng1 f5 27. Nf3 e4 28. Nd4 Rd2 29. Nb3 Rb2 30. Nc5 Re7 31. Ba6 h5 32. Re2 Rxe2 33. Bxe2 f4 34. Bb5 g5 35. Bc6 e3 36. Kf1 e2+ 37. Ke1 g4 38. Ne4 f3 39. Ng5 h4 40. Nxf3 gxf3 41. Bxf3 h3 42. a4 h2 43. b5 Re5 44. Bb7 Rh5 45. Bh1 Rg5 0-1